000 00677nam a2200277Ia 4500
005 20260121124609.0
008 008 260114s9999 xx 000 0 eng d
020 _a9781400869329
037 _aEBOOK
040 _aCRL
040 _beng
040 _cCRL
041 _2eng
041 _aeng
084 _qCRL
100 _aHaithcox, John Patrick
_9978679
245 0 _aCommunism and Nationalism in India
260 _bWalter de Gruyter
260 _bWalter de Gruyter
260 _c1971
650 _aPolitical Science
_9978680
856 _uhttp://www.degruyter.com/isbn/9781400869329
942 _cEBOOK
999 _c1555778
_d1555778